00288 a2200133 4500001000700000020002200007040003500029100002700064240001900091245001700110300000800127362000900135440001000144157405 a978-85-378-1799-5 cEscola São Tomás de Aquino aTRAVERS, Pamela Lyndon10aMary Poppinsl10aMary Poppins a1940 a2018 1aZahar